[Event "Petrov Memorial Rapid 2014"]
[Site "Jurmala LAT"]
[Date "2014.02.21"]
[Round "1.1"]
[White "Gleizerov, Evgeny"]
[Black "Reizniece-Ozola, Dana"]
[Result "1-0"]
[WhiteElo "2531"]
[BlackElo "2293"]
[PlyCount "101"]
[EventDate "2014.02.21"]

1. d4 Nf6 2. c4 g6 3. Nc3 Bg7 4. e4 d6 5. Nf3 O-O 6. Be2 e5 7. O-O Nc6 8. d5
Ne7 9. b4 Ne8 10. c5 f5 11. Ng5 h6 12. Ne6 Bxe6 13. dxe6 fxe4 14. cxd6 cxd6 15.
Nxe4 b6 16. b5 d5 17. Ba3 Nc7 18. Nc3 e4 19. Rc1 Re8 20. Nxe4 Nxe6 21. Nd6 Rf8
22. Bg4 Nc5 23. Bxc5 bxc5 24. Nb7 Qb6 25. Nxc5 Nf5 26. Nd7 Qxb5 27. Nxf8 Rxf8
28. Bxf5 Rxf5 29. Qb3 Qxb3 30. axb3 d4 31. Rc8+ Kh7 32. Rc7 Rb5 33. Re1 Rxb3
34. g3 Kg8 35. Ree7 Bf8 36. Red7 a5 37. Rxd4 Rf3 38. Kg2 Rf5 39. g4 Rf6 40. Ra7
Bb4 41. Rd8+ Rf8 42. Rxf8+ Kxf8 43. f4 Kg8 44. Kf3 Bc3 45. Ke4 Bb4 46. f5 gxf5+
47. Kxf5 Kf8 48. Kg6 Bd2 49. Rd7 Be3 50. Rd5 a4 51. Ra5 1-0

[Event "Petrov Memorial Rapid 2014"]
[Site "Jurmala LAT"]
[Date "2014.02.21"]
[Round "1.2"]
[White "Lavendelis, Egons"]
[Black "Ehlvest, Jaan"]
[Result "0-1"]
[WhiteElo "2317"]
[BlackElo "2565"]
[PlyCount "68"]
[EventDate "2014.02.21"]

1. e4 g6 2. d4 Bg7 3. Nc3 d6 4. Be3 a6 5. a4 Nf6 6. f3 Nc6 7. Qd2 O-O 8. g4 e5
9. d5 Nd4 10. Nce2 Re8 11. O-O-O c5 12. dxc6 Nxc6 13. Qxd6 Qa5 14. b3 Bf8 15.
Qxf6 Be7 16. Bd2 Qc7 17. Qxe7 Qxe7 18. Kb2 b5 19. Nc3 Be6 20. Bd3 Red8 21. Nge2
Nb4 22. Nc1 Rac8 23. axb5 axb5 24. Bxb5 Qc5 25. Nd3 Nxd3+ 26. cxd3 Rb8 27. Ba4
Bxb3 28. Bxb3 Qb4 29. Rb1 Qxb3+ 30. Kc1 Qa3+ 31. Kc2 Qa6 32. d4 exd4 33. Rxb8
Rxb8 34. Nd5 Qc4+ 0-1

[Event "Petrov Memorial Rapid 2014"]
[Site "Jurmala LAT"]
[Date "2014.02.21"]
[Round "1.3"]
[White "Fedorchuk, Sergey A"]
[Black "Golcman, Evgeny"]
[Result "1-0"]
[WhiteElo "2641"]
[BlackElo "2186"]
[PlyCount "81"]
[EventDate "2014.02.21"]

1. e4 e5 2. Nf3 Nc6 3. Bb5 g6 4. d4 exd4 5. Bg5 Be7 6. h4 Bxg5 7. hxg5 Qe7 8.
c3 Qxe4+ 9. Kf1 Nge7 10. cxd4 d5 11. Nc3 Qf4 12. Bxc6+ bxc6 13. Qe2 a5 14. Kg1
Be6 15. Na4 Qd6 16. Nc5 O-O 17. Ne5 Rae8 18. a3 Bc8 19. Qd2 f6 20. gxf6 Qxf6
21. Re1 Nf5 22. Re2 h5 23. Ncd7 Bxd7 24. Nxd7 Qxd4 25. Qxd4 Nxd4 26. Rxe8 Rxe8
27. Nf6+ Kf7 28. Nxe8 Kxe8 29. f3 c5 30. Kf2 Ke7 31. Re1+ Kd7 32. Re5 c6 33.
Rg5 Ne6 34. Rxg6 Nf4 35. Rg7+ Kd6 36. Ke3 Ne6 37. Rh7 d4+ 38. Kd2 c4 39. Rxh5
c5 40. g3 a4 41. f4 1-0

[Event "Petrov Memorial Rapid 2014"]
[Site "Jurmala LAT"]
[Date "2014.02.21"]
[Round "1.4"]
[White "Bernotas, Arturs"]
[Black "Dobrov, Vladimir"]
[Result "0-1"]
[WhiteElo "2266"]
[BlackElo "2511"]
[PlyCount "60"]
[EventDate "2014.02.21"]

1. e4 c5 2. Nf3 d6 3. Bb5+ Nc6 4. Bxc6+ bxc6 5. O-O Bg4 6. h3 Bh5 7. e5 e6 8.
exd6 Bxd6 9. d3 Ne7 10. Nbd2 f6 11. Nc4 e5 12. Be3 Nd5 13. Re1 Be7 14. g4 Bf7
15. Nfd2 Qd7 16. Qf3 h5 17. g5 Be6 18. h4 Rb8 19. Qg3 Nxe3 20. Rxe3 Bd5 21. f4
exf4 22. Qxf4 O-O 23. g6 Bd8 24. Qxb8 Bc7 25. Qb3 Qg4+ 26. Kf1 Qg2+ 27. Ke1 Bf4
28. Re2 Bg3+ 29. Kd1 Qg1+ 30. Nf1 Qxf1+ 0-1

[Event "Petrov Memorial Rapid 2014"]
[Site "Jurmala LAT"]
[Date "2014.02.21"]
[Round "1.5"]
[White "Neiksans, Arturs"]
[Black "Rogule, Laura"]
[Result "1/2-1/2"]
[WhiteElo "2560"]
[BlackElo "2326"]
[PlyCount "153"]
[EventDate "2014.02.21"]

1. e4 c5 2. Nc3 Nc6 3. f4 g6 4. Nf3 Bg7 5. g3 d6 6. Bg2 e6 7. O-O Nge7 8. d3
O-O 9. Be3 Nd4 10. e5 dxe5 11. Nxe5 Rb8 12. Ne4 b6 13. Bf2 Bb7 14. c3 Ndc6 15.
Nc4 Qc7 16. Qe2 Rbd8 17. a4 Nd5 18. Ng5 Nf6 19. a5 Rfe8 20. axb6 axb6 21. g4
Qxf4 22. Nxf7 Kxf7 23. Be3 Qc7 24. g5 b5 25. gxf6 Bf8 26. Nd2 h6 27. Ne4 Na5
28. Rad1 Rd5 29. Bf4 e5 30. Be3 Red8 31. h4 Qd7 32. h5 Rxd3 33. hxg6+ Kxg6 34.
Rxd3 Qxd3 35. Qg4+ Kh7 36. Qf5+ Kh8 37. Bf2 Nc4 38. f7 Bg7 39. b3 Nd2 40. Re1
Nxb3 41. Bf1 Qd5 42. Bg2 Qd3 43. Qg4 Bc8 44. Qg3 Qxg3 45. Bxg3 Be6 46. Rf1 c4
47. Bh4 Rf8 48. Nd6 b4 49. cxb4 c3 50. Be4 Nd2 51. Rc1 Nxe4 52. Nxe4 Rxf7 53.
Bg3 Bd5 54. Nxc3 Bb7 55. Bf2 e4 56. Nd1 Be5 57. Ne3 Bf4 58. Rc5 Bd6 59. Rc4
Rg7+ 60. Kh1 Rf7 61. Kg2 Rg7+ 62. Kh1 Rf7 63. Kg2 Bf4 64. b5 h5 65. Rc5 Kg7 66.
Rxh5 Bxe3 67. Bxe3 Rf3 68. Rc5 Rxe3 69. Rc7+ Kf6 70. Rxb7 Rb3 71. b6 Ke6 72.
Rh7 Kd5 73. Rh6 Kc5 74. Kf2 Rxb6 75. Rxb6 Kxb6 76. Ke3 Kc5 77. Kxe4 1/2-1/2

[Event "Petrov Memorial Rapid 2014"]
[Site "Jurmala LAT"]
[Date "2014.02.21"]
[Round "2.1"]
[White "Starostits, Ilmars"]
[Black "Gleizerov, Evgeny"]
[Result "1-0"]
[WhiteElo "2467"]
[BlackElo "2531"]
[PlyCount "45"]
[EventDate "2014.02.21"]

1. e4 e6 2. d4 d5 3. Nc3 Nf6 4. Bg5 Be7 5. Bxf6 Bxf6 6. Nf3 c5 7. exd5 cxd4 8.
Bb5+ Kf8 9. Nxd4 exd5 10. O-O g6 11. Ba4 Kg7 12. Bb3 Nc6 13. Nde2 d4 14. Nd5 d3
15. Qxd3 Bxb2 16. Rad1 Bf5 17. Qb5 Qc8 18. Ng3 Bg4 19. Rde1 Be6 20. Ne7 Nd4 21.
Qe5+ f6 22. Nh5+ Kh6 23. Qe3+ 1-0

[Event "Petrov Memorial Rapid 2014"]
[Site "Jurmala LAT"]
[Date "2014.02.21"]
[Round "2.2"]
[White "Ehlvest, Jaan"]
[Black "Meskovs, Nikita"]
[Result "1/2-1/2"]
[WhiteElo "2565"]
[BlackElo "2436"]
[PlyCount "74"]
[EventDate "2014.02.21"]

1. d4 Nf6 2. Bg5 Ne4 3. Bf4 c5 4. e3 d5 5. Bd3 cxd4 6. Bxe4 dxe4 7. exd4 Bf5 8.
Ne2 Nd7 9. O-O h6 10. Nbc3 g5 11. Be3 Nf6 12. Ng3 Bg6 13. f3 exf3 14. Qxf3 Qd7
15. d5 Bg7 16. Bd4 O-O 17. Rf2 Rfd8 18. Rd1 b5 19. Nf5 Bxf5 20. Qxf5 Qxf5 21.
Rxf5 b4 22. Ne2 a5 23. c4 bxc3 24. Nxc3 a4 25. a3 Ng4 26. h3 e6 27. Rf3 Ne5 28.
Rf2 exd5 29. Re2 Nc4 30. Bxg7 Kxg7 31. Rxd5 Rxd5 32. Nxd5 Rb8 33. Nb4 Rd8 34.
Rc2 Ne3 35. Re2 Nc4 36. Rc2 Ne3 37. Re2 Nc4 1/2-1/2

[Event "Petrov Memorial Rapid 2014"]
[Site "Jurmala LAT"]
[Date "2014.02.21"]
[Round "2.3"]
[White "Kantans, Toms"]
[Black "Fedorchuk, Sergey A"]
[Result "1-0"]
[WhiteElo "2419"]
[BlackElo "2641"]
[PlyCount "91"]
[EventDate "2014.02.21"]

1. e4 c5 2. Nf3 e6 3. d4 cxd4 4. Nxd4 a6 5. Nc3 b5 6. Bd3 Qb6 7. Nf3 Qc7 8. O-O
Bb7 9. Re1 Be7 10. Qe2 Nc6 11. e5 f5 12. Bf4 Nb4 13. Rac1 Nh6 14. a3 Nxd3 15.
cxd3 Qb6 16. d4 O-O 17. d5 Rfc8 18. Bxh6 gxh6 19. Qd2 Bf8 20. Rcd1 Rc4 21. h3
Rac8 22. Nd4 Kh8 23. Re3 Bg7 24. Nf3 Bf8 25. Rd3 Kg8 26. Nd4 Re8 27. Qf4 Re7
28. b3 Rc8 29. Nde2 Rg7 30. Ng3 b4 31. axb4 Qxb4 32. Qd2 Rg5 33. Kh2 Rxc3 34.
Qxc3 Qxc3 35. Rxc3 Bxd5 36. f4 Rg6 37. Rd2 a5 38. Rc8 Bc6 39. Ra2 Kf7 40. Rxa5
Bb4 41. Ra2 Bc5 42. Nh5 Be3 43. b4 Ke7 44. Re2 Bd4 45. Nf6 Bb5 46. Ra2 1-0

[Event "Petrov Memorial Rapid 2014"]
[Site "Jurmala LAT"]
[Date "2014.02.21"]
[Round "2.4"]
[White "Dobrov, Vladimir"]
[Black "Sveshnikov, Vladimir"]
[Result "1-0"]
[WhiteElo "2511"]
[BlackElo "2394"]
[PlyCount "73"]
[EventDate "2014.02.21"]

1. d4 d5 2. c4 e6 3. Nc3 c6 4. e3 Nf6 5. Nf3 Nbd7 6. Qc2 Bd6 7. g4 Nxg4 8. Rg1
Qf6 9. Rxg4 Qxf3 10. Rxg7 Nf6 11. Qe2 Qxe2+ 12. Bxe2 Kf8 13. Rg2 e5 14. cxd5
Nxd5 15. Nxd5 cxd5 16. dxe5 Bxe5 17. f4 Bf6 18. Bd2 a5 19. Bc3 Bxc3+ 20. bxc3
Bh3 21. Rg3 Be6 22. Rb1 Ra7 23. Kd2 Ke7 24. Bd3 h6 25. Rb6 d4 26. exd4 Bxa2 27.
c4 a4 28. Kc3 Rc8 29. Kb4 Rc6 30. Rb5 Bb3 31. Re3+ Kf8 32. d5 Rf6 33. f5 b6 34.
Bb1 Rc7 35. Rc3 Ke7 36. Bc2 Bxc2 37. Rxc2 1-0

[Event "Petrov Memorial Rapid 2014"]
[Site "Jurmala LAT"]
[Date "2014.02.21"]
[Round "2.5"]
[White "Aleksandrov, Aleksej"]
[Black "Kashtanov, Ruslan"]
[Result "1-0"]
[WhiteElo "2569"]
[BlackElo "2322"]
[PlyCount "47"]
[EventDate "2014.02.21"]

1. d4 Nf6 2. c4 c5 3. d5 g6 4. Nc3 Bg7 5. e4 O-O 6. Bd3 e6 7. h3 d6 8. Nf3 Na6
9. O-O e5 10. Kh2 Ne8 11. g4 f5 12. gxf5 gxf5 13. Bg5 Qd7 14. exf5 Rxf5 15. Rg1
Qf7 16. Bxf5 Qxf5 17. Rg3 Nb4 18. Qe2 Qd3 19. Bh6 Qxe2 20. Nxe2 Bf5 21. Nh4 Bd3
22. Nc3 Bg6 23. Bxg7 Kxg7 24. Rag1 1-0

[Event "Petrov Memorial Rapid 2014"]
[Site "Jurmala LAT"]
[Date "2014.02.21"]
[Round "3.1"]
[White "Miezis, Normunds"]
[Black "Dobrov, Vladimir"]
[Result "1-0"]
[WhiteElo "2548"]
[BlackElo "2511"]
[PlyCount "43"]
[EventDate "2014.02.21"]

1. c4 c6 2. e4 d5 3. exd5 cxd5 4. cxd5 Qxd5 5. Nc3 Qd6 6. d4 Nf6 7. Nf3 e6 8.
Bb5+ Bd7 9. O-O Bxb5 10. Nxb5 Qd7 11. Qa4 Nc6 12. Ne5 Nxe5 13. dxe5 Nd5 14. Rd1
Qc6 15. Be3 a6 16. Rxd5 exd5 17. Nc7+ Kd7 18. Nxa8 Qxa4 19. Nb6+ Kc6 20. Nxa4
Kb5 21. Nc3+ Kc4 22. Rd1 1-0

[Event "Petrov Memorial Rapid 2014"]
[Site "Jurmala LAT"]
[Date "2014.02.21"]
[Round "3.2"]
[White "Yevseev, Denis"]
[Black "Aleksandrov, Aleksej"]
[Result "1/2-1/2"]
[WhiteElo "2532"]
[BlackElo "2569"]
[PlyCount "53"]
[EventDate "2014.02.21"]

1. Nf3 Nf6 2. c4 e6 3. g3 a6 4. Nc3 d5 5. cxd5 exd5 6. Bg2 Bd6 7. O-O O-O 8. d3
h6 9. e4 dxe4 10. dxe4 Nc6 11. h3 Be6 12. Re1 Nd7 13. Be3 Re8 14. Qc2 Nde5 15.
Nxe5 Bxe5 16. Rad1 Qc8 17. Kh2 f6 18. Nd5 Bxd5 19. exd5 Ne7 20. d6 cxd6 21.
Qb3+ d5 22. Rxd5 Nxd5 23. Bxd5+ Kh8 24. Bxb7 Rb8 25. Bxc8 Rxb3 26. axb3 Rxc8
27. Ra1 1/2-1/2

[Event "Petrov Memorial Rapid 2014"]
[Site "Jurmala LAT"]
[Date "2014.02.21"]
[Round "3.4"]
[White "Kveinys, Aloyzas"]
[Black "Starostits, Ilmars"]
[Result "1/2-1/2"]
[WhiteElo "2526"]
[BlackElo "2467"]
[PlyCount "27"]
[EventDate "2014.02.21"]

1. d4 d5 2. Nf3 Nc6 3. g3 Bg4 4. Bg2 Qd7 5. h3 Bf5 6. c3 e6 7. Nbd2 Be7 8. b4
Nf6 9. g4 Bg6 10. a4 Ne4 11. b5 Na5 12. Nxe4 Bxe4 13. Ne5 Qd8 14. O-O 1/2-1/2

[Event "Petrov Memorial Rapid 2014"]
[Site "Jurmala LAT"]
[Date "2014.02.21"]
[Round "3.5"]
[White "Kantans, Toms"]
[Black "Kiselev, Vitaliy2"]
[Result "1-0"]
[WhiteElo "2419"]
[BlackElo "2505"]
[PlyCount "69"]
[EventDate "2014.02.21"]

1. e4 e6 2. c4 d5 3. cxd5 exd5 4. exd5 Nf6 5. Nc3 Nxd5 6. Nf3 Be7 7. d4 O-O 8.
Bd3 Nc6 9. O-O Bg4 10. h3 Be6 11. Re1 Re8 12. Be3 g6 13. Qd2 Nxe3 14. fxe3 Bf6
15. Rad1 Bg7 16. Qf2 Nb4 17. Bb1 Nd5 18. Nxd5 Bxd5 19. e4 Be6 20. d5 Bd7 21. e5
Qe7 22. Bc2 a5 23. a3 Kh8 24. Bb3 f5 25. h4 Ra6 26. Rc1 Rc8 27. Ng5 h6 28. d6
Qf8 29. e6 hxg5 30. exd7 Rxd6 31. dxc8=Q Qxc8 32. Rcd1 Rb6 33. Rd3 g4 34. Bf7
Kh7 35. Re8 1-0

[Event "Petrov Memorial Rapid 2014"]
[Site "Jurmala LAT"]
[Date "2014.02.22"]
[Round "4.2"]
[White "Aleksandrov, Aleksej"]
[Black "Kantans, Toms"]
[Result "1-0"]
[WhiteElo "2569"]
[BlackElo "2419"]
[PlyCount "71"]
[EventDate "2014.02.21"]

1. d4 Nf6 2. c4 g6 3. Nc3 d5 4. cxd5 Nxd5 5. Bd2 Bg7 6. e4 Nb6 7. Be3 O-O 8.
Bb5 c6 9. Be2 Be6 10. Nf3 Bc4 11. O-O N8d7 12. Rc1 Re8 13. Bg5 h6 14. Bh4 Nf6
15. Bxc4 Nxc4 16. Qe2 Nb6 17. Rfd1 g5 18. Bg3 Nh5 19. Be5 f6 20. Bg3 e6 21. Ne1
Nxg3 22. hxg3 f5 23. Nc2 Qe7 24. Re1 Qf7 25. Rcd1 Rad8 26. g4 fxe4 27. Nxe4 e5
28. dxe5 Rxd1 29. Qxd1 Rxe5 30. b3 Nd5 31. f3 Nf4 32. Ne3 Ne6 33. Qd3 Qf4 34.
Nf5 Nc5 35. Qc4+ Kh7 36. Qf7 1-0

[Event "Petrov Memorial Rapid 2014"]
[Site "Jurmala LAT"]
[Date "2014.02.22"]
[Round "4.4"]
[White "Starostits, Ilmars"]
[Black "Ulibin, Mikhail"]
[Result "1-0"]
[WhiteElo "2467"]
[BlackElo "2491"]
[PlyCount "85"]
[EventDate "2014.02.21"]

1. e4 e6 2. d4 d5 3. Nc3 Nf6 4. Bg5 Be7 5. e5 Nfd7 6. h4 h6 7. Bxe7 Qxe7 8. Qg4
O-O 9. O-O-O c5 10. f4 cxd4 11. Nb5 f6 12. Nxd4 Nc5 13. Ngf3 Ne4 14. Bd3 f5 15.
Qg6 Qf7 16. Qxf7+ Rxf7 17. Rhf1 a6 18. g4 fxg4 19. Bxe4 gxf3 20. Bxf3 Rxf4 21.
Bh5 Rxf1 22. Rxf1 Nc6 23. Nxc6 bxc6 24. Rf7 c5 25. Bg6 a5 26. Rc7 c4 27. Re7
Ba6 28. Rxe6 Kf8 29. a4 d4 30. Rd6 d3 31. Rd7 Bc8 32. Rd8+ Ke7 33. Rg8 Ke6 34.
Re8+ Kd7 35. e6+ Kd6 36. e7 dxc2 37. Rxc8 Rxc8 38. e8=Q Rxe8 39. Bxe8 g5 40.
hxg5 hxg5 41. Kxc2 g4 42. Bh5 g3 43. Bf3 1-0

[Event "Petrov Memorial Rapid 2014"]
[Site "Jurmala LAT"]
[Date "2014.02.22"]
[Round "4.5"]
[White "Megaranto, Susanto"]
[Black "Yevseev, Denis"]
[Result "1/2-1/2"]
[WhiteElo "2529"]
[BlackElo "2532"]
[PlyCount "75"]
[EventDate "2014.02.21"]

1. d4 d5 2. Nf3 Nf6 3. c4 c6 4. Nc3 dxc4 5. a4 Bf5 6. e3 e6 7. Bxc4 Bb4 8. O-O
Nbd7 9. h3 O-O 10. Nh4 Rc8 11. Bd2 c5 12. Nxf5 exf5 13. Bb3 cxd4 14. exd4 Nb6
15. Ne2 Bxd2 16. Qxd2 Qd6 17. Rac1 g6 18. Rxc8 Rxc8 19. Rc1 Rxc1+ 20. Qxc1 Kg7
21. a5 Nbd5 22. Nc3 Qc7 23. Bxd5 Nxd5 24. Qa1 Nf4 25. Qc1 Nd5 26. Qe1 Nb4 27.
Nb5 Qxa5 28. Qe5+ Kg8 29. Qe8+ Kg7 30. Qe5+ Kg8 31. Qb8+ Kg7 32. Qxb7 Nd3 33.
Nd6 Qe1+ 34. Kh2 Qe6 35. Nb5 Nxf2 36. Qxa7 Qe1 37. Nd6 Ng4+ 38. hxg4 1/2-1/2

[Event "Petrov Memorial Rapid 2014"]
[Site "Jurmala LAT"]
[Date "2014.02.22"]
[Round "5.1"]
[White "Miezis, Normunds"]
[Black "Aleksandrov, Aleksej"]
[Result "1/2-1/2"]
[WhiteElo "2548"]
[BlackElo "2569"]
[PlyCount "50"]
[EventDate "2014.02.21"]

1. e4 c5 2. c3 Nf6 3. e5 Nd5 4. d4 cxd4 5. Nf3 e6 6. cxd4 d6 7. Nc3 Nxc3 8.
bxc3 Be7 9. Bd3 dxe5 10. Nxe5 Nd7 11. Bf4 O-O 12. O-O Nxe5 13. Bxe5 Bd6 14. Qe2
Bxe5 15. Qxe5 g6 16. Be4 f6 17. Qg3 Kg7 18. h4 Rf7 19. h5 f5 20. hxg6 hxg6 21.
Qe5+ Qf6 22. Qxf6+ Kxf6 23. Bf3 Rc7 24. Rab1 Rb8 25. Rbc1 Ra8 1/2-1/2

[Event "Petrov Memorial Rapid 2014"]
[Site "Jurmala LAT"]
[Date "2014.02.22"]
[Round "5.3"]
[White "Fedorchuk, Sergey A"]
[Black "Kveinys, Aloyzas"]
[Result "1-0"]
[WhiteElo "2641"]
[BlackElo "2526"]
[PlyCount "59"]
[EventDate "2014.02.21"]

1. e4 c5 2. Nf3 e6 3. d4 cxd4 4. Nxd4 a6 5. Be2 Nf6 6. Nc3 Qc7 7. O-O Nc6 8. a3
Bc5 9. Nb3 Be7 10. f4 d6 11. Kh1 O-O 12. Bf3 b5 13. g4 Bb7 14. g5 Nd7 15. Bg2
Nc5 16. Be3 Rfe8 17. Rf3 Bf8 18. Rh3 g6 19. Qe1 Nxb3 20. cxb3 Na5 21. Rc1 Qd8
22. Rd1 Nxb3 23. e5 Bxg2+ 24. Kxg2 d5 25. Ne4 dxe4 26. Rxd8 Raxd8 27. Qh4 h5
28. gxh6 Kh7 29. Qf6 Rd3 30. Qxf7+ 1-0

[Event "Petrov Memorial Rapid 2014"]
[Site "Jurmala LAT"]
[Date "2014.02.22"]
[Round "5.4"]
[White "Yevseev, Denis"]
[Black "Dobrov, Vladimir"]
[Result "0-1"]
[WhiteElo "2532"]
[BlackElo "2511"]
[PlyCount "64"]
[EventDate "2014.02.21"]

1. Nf3 Nf6 2. c4 c6 3. d4 d5 4. Nc3 e6 5. g3 Nbd7 6. Bg2 dxc4 7. a4 a5 8. O-O
Bd6 9. Bg5 h6 10. Bxf6 Qxf6 11. Ne4 Qe7 12. Qc2 Bc7 13. Qxc4 e5 14. Nc3 Qb4 15.
Qd3 exd4 16. Qe4+ Qe7 17. Nxd4 Nc5 18. Qxe7+ Kxe7 19. Rac1 Be5 20. Rfd1 Bxd4
21. Rxd4 Nb3 22. Re4+ Be6 23. Rd1 Rhd8 24. Bh3 Rxd1+ 25. Nxd1 Rd8 26. Nc3 Nc5
27. Re3 Rd4 28. f4 Kd6 29. Bxe6 fxe6 30. Kf2 Nxa4 31. Ne4+ Kd5 32. Kf3 Nxb2 0-1

[Event "Petrov Memorial Rapid 2014"]
[Site "Jurmala LAT"]
[Date "2014.02.22"]
[Round "5.5"]
[White "Neiksans, Arturs"]
[Black "Kiselev, Vitaliy2"]
[Result "1-0"]
[WhiteElo "2560"]
[BlackElo "2505"]
[PlyCount "55"]
[EventDate "2014.02.21"]

1. e4 e5 2. Nf3 d6 3. d4 exd4 4. Nxd4 Nf6 5. Nc3 Be7 6. Be2 O-O 7. O-O Re8 8.
f4 Bf8 9. Bf3 c5 10. Nde2 Nc6 11. h3 h5 12. f5 Ne5 13. Nf4 b5 14. Nxh5 Nxf3+
15. Qxf3 Nxh5 16. Qxh5 b4 17. Nd5 Rxe4 18. Bg5 f6 19. Rae1 Bb7 20. Bxf6 gxf6
21. Rxe4 Bxd5 22. Rg4+ Bg7 23. Re1 Qd7 24. Re3 Rf8 25. Kh2 Rf7 26. Rxg7+ Kxg7
27. Rg3+ Kf8 28. Qh8+ 1-0

[Event "Petrov Memorial Rapid 2014"]
[Site "Jurmala LAT"]
[Date "2014.02.22"]
[Round "6.1"]
[White "Maiorov, Nikita1"]
[Black "Fedorchuk, Sergey A"]
[Result "0-1"]
[WhiteElo "2529"]
[BlackElo "2641"]
[PlyCount "132"]
[EventDate "2014.02.21"]

1. d4 Nf6 2. c4 e6 3. Nc3 Bb4 4. Qc2 d6 5. e3 O-O 6. Bd3 c5 7. Nge2 Nc6 8. O-O
h6 9. a3 Ba5 10. dxc5 dxc5 11. Ng3 Bc7 12. b3 b6 13. Bb2 Bb7 14. Rad1 Qe7 15.
f4 Rad8 16. Nce4 Ng4 17. Qe2 f5 18. Nf2 Nf6 19. Rd2 Rf7 20. Rfd1 Qe8 21. Qe1
Na5 22. Bc2 Rxd2 23. Rxd2 b5 24. cxb5 Qxb5 25. Qd1 Qc6 26. Nd3 c4 27. Nb4 Qb5
28. Qe2 Bb6 29. Bd4 Rd7 30. Bxb6 Rxd2 31. Qxd2 Qxb6 32. bxc4 Nxc4 33. Qd4 Qxd4
34. exd4 a5 35. Nd3 Nxa3 36. Ba4 Nc4 37. Nc5 Bd5 38. Ne2 Nb6 39. Bc2 Ne4 40.
Bxe4 fxe4 41. Nc3 e3 42. g3 Kf7 43. Kf1 Bf3 44. Ke1 Kf6 45. Kf1 Nc4 46. Ke1 Nb2
47. h3 Ke7 48. Kf1 Kd6 49. Ke1 h5 50. Kf1 Nc4 51. Ke1 Bg2 52. Ke2 Bxh3 53.
N5e4+ Ke7 54. Nc5 Bf5 55. N3a4 Bg4+ 56. Ke1 Bf3 57. Nc3 Kf6 58. Nd3 Bc6 59. Ke2
Kf5 60. Ne1 Kg4 61. Kd3 Bd5 62. Ne2 a4 63. Nc2 a3 64. Nb4 Kf3 65. f5 Nb2+ 66.
Kc2 Kxe2 0-1

[Event "Petrov Memorial Rapid 2014"]
[Site "Jurmala LAT"]
[Date "2014.02.22"]
[Round "6.2"]
[White "Dobrov, Vladimir"]
[Black "Starostits, Ilmars"]
[Result "1-0"]
[WhiteElo "2511"]
[BlackElo "2467"]
[PlyCount "89"]
[EventDate "2014.02.21"]

1. d4 d5 2. c4 c6 3. Nf3 dxc4 4. e3 Be6 5. a4 Nf6 6. Na3 Bd5 7. Nxc4 e6 8. Bd3
c5 9. Nce5 Nc6 10. Nxc6 bxc6 11. Qc2 Bxf3 12. gxf3 Qd5 13. Ke2 cxd4 14. Bc4 Qd6
15. Rd1 Be7 16. Rxd4 Qxh2 17. Bd2 O-O 18. Ba5 Nd5 19. Qe4 Rab8 20. b3 Bf6 21.
Rc1 Bxd4 22. Qxd4 e5 23. Qc5 Qh6 24. Bd2 Rfd8 25. Ba5 e4 26. fxe4 Qh5+ 27. Ke1
Qh1+ 28. Bf1 Qxe4 29. Bxd8 Rxd8 30. Qxc6 Qb4+ 31. Ke2 Qxb3 32. Kf3 Ne7 33. Qe4
Ng6 34. Bc4 Qb2 35. Rb1 Qf6+ 36. Ke2 Ne5 37. Bd5 h5 38. Rb7 Qd6 39. Rb5 a6 40.
Ra5 Kh8 41. f4 Ng4 42. Qd3 Re8 43. Bxf7 Rxe3+ 44. Qxe3 Nxe3 45. Rxh5+ 1-0

[Event "Petrov Memorial Rapid 2014"]
[Site "Jurmala LAT"]
[Date "2014.02.22"]
[Round "6.4"]
[White "Aleksandrov, Aleksej"]
[Black "Farid, Firman Syah"]
[Result "1-0"]
[WhiteElo "2569"]
[BlackElo "2397"]
[PlyCount "71"]
[EventDate "2014.02.21"]

1. d4 Nf6 2. c4 e6 3. Nc3 Bb4 4. e3 O-O 5. Bd3 c5 6. Nf3 cxd4 7. exd4 d5 8. O-O
dxc4 9. Bxc4 Nc6 10. a3 Be7 11. Bf4 a6 12. Ba2 b6 13. d5 exd5 14. Nxd5 Nxd5 15.
Bxd5 Bb7 16. Rc1 Rc8 17. Rc3 Bf6 18. Rd3 Qd7 19. Be4 Qg4 20. Qd2 Rfd8 21. h3
Rxd3 22. Bxd3 Qh5 23. Be4 Rd8 24. Qc2 Rc8 25. Qb1 g6 26. Rc1 Qb5 27. b3 Be7 28.
a4 Qa5 29. Bd2 Bb4 30. Be3 Bc5 31. Bxc5 bxc5 32. Qb2 Qb6 33. Qf6 Rc7 34. Bd5
Qa7 35. Ng5 Ba8 36. Re1 1-0

[Event "Petrov Memorial Rapid 2014"]
[Site "Jurmala LAT"]
[Date "2014.02.22"]
[Round "6.5"]
[White "Megaranto, Susanto"]
[Black "Miezis, Normunds"]
[Result "1-0"]
[WhiteElo "2529"]
[BlackElo "2548"]
[PlyCount "77"]
[EventDate "2014.02.21"]

1. d4 Nf6 2. Nf3 e6 3. c4 Bb4+ 4. Bd2 c5 5. Bxb4 cxb4 6. g3 O-O 7. Bg2 d6 8.
O-O Qe7 9. a3 Na6 10. Qb3 bxa3 11. Qxa3 Qc7 12. b3 Qb6 13. Nc3 Bd7 14. e4 Nb4
15. Rac1 Bc6 16. c5 dxc5 17. dxc5 Qxc5 18. Nd5 Qd6 19. Qxb4 Qxb4 20. Nxb4 Bxe4
21. Ne5 a5 22. Nbd3 Rfd8 23. Nc5 Bxg2 24. Kxg2 Rd5 25. f4 b5 26. Rfd1 Rad8 27.
Rxd5 Nxd5 28. Nb7 Ra8 29. Nxa5 g5 30. Nac6 f6 31. Nd3 g4 32. Ncb4 Ne3+ 33. Kf2
Nf5 34. Nc5 Kf7 35. Rd1 Ra3 36. Rd7+ Kg8 37. Nxe6 Rxb3 38. Nd5 Rb2+ 39. Ke1 1-0

[Event "Petrov Memorial Rapid 2014"]
[Site "Jurmala LAT"]
[Date "2014.02.22"]
[Round "7.2"]
[White "Megaranto, Susanto"]
[Black "Dobrov, Vladimir"]
[Result "1-0"]
[WhiteElo "2529"]
[BlackElo "2511"]
[PlyCount "143"]
[EventDate "2014.02.21"]

1. e4 c5 2. Nf3 d6 3. Bb5+ Nc6 4. d4 cxd4 5. Nxd4 Bd7 6. c4 Nf6 7. Nc3 a6 8.
Bxc6 bxc6 9. O-O g6 10. h3 Bg7 11. Be3 Qc8 12. Qd2 Rb8 13. b3 c5 14. Nde2 O-O
15. Bh6 Bc6 16. Bxg7 Kxg7 17. Qe3 Qe6 18. f3 a5 19. Nf4 Qe5 20. Nce2 a4 21. Nd3
Qh5 22. e5 Nd7 23. e6 Ne5 24. Nef4 Qf5 25. Nxe5 dxe5 26. Nd3 axb3 27. axb3 e4
28. fxe4 Qxe6 29. Nxc5 Qe5 30. Rad1 Rfc8 31. Nd7 Bxd7 32. Rxd7 Rc6 33. Rd5 Qb2
34. Qf4 Rf8 35. Rf3 Rf6 36. Qe5 Qxe5 37. Rxe5 Rb8 38. Rxe7 Rxf3 39. gxf3 Rxb3
40. Kf2 Rc3 41. Rc7 g5 42. c5 h5 43. c6 Kf6 44. Rc8 h4 45. c7 Rc2+ 46. Ke3 Rc3+
47. Kd4 Rc1 48. Kd5 Rd1+ 49. Kc6 Rc1+ 50. Kd7 Rd1+ 51. Ke8 Rc1 52. Kf8 Rc3 53.
Kg8 Kg6 54. e5 Rc5 55. Kf8 Rc1 56. Ke7 Kg7 57. e6 fxe6 58. Kxe6 Kh7 59. Rf8
Rxc7 60. Rf7+ Rxf7 61. Kxf7 Kh6 62. Kf6 Kh5 63. Kg7 g4 64. fxg4+ Kg5 65. Kf7
Kf4 66. Kf6 Kg3 67. g5 Kxh3 68. g6 Kh2 69. g7 h3 70. g8=Q Kh1 71. Qd5+ Kg1 72.
Qg5+ 1-0

[Event "Petrov Memorial Rapid 2014"]
[Site "Jurmala LAT"]
[Date "2014.02.22"]
[Round "7.4"]
[White "Neiksans, Arturs"]
[Black "Ulibin, Mikhail"]
[Result "1/2-1/2"]
[WhiteElo "2560"]
[BlackElo "2491"]
[PlyCount "131"]
[EventDate "2014.02.21"]

1. e4 e6 2. d4 d5 3. Nd2 Nf6 4. e5 Nfd7 5. Bd3 c5 6. c3 Nc6 7. Ne2 cxd4 8. cxd4
f6 9. exf6 Qxf6 10. Nf3 h6 11. O-O Bd6 12. Be3 O-O 13. Rc1 Rf7 14. Ng3 Nf8 15.
Bb1 Bd7 16. h3 Be8 17. Nh2 Qh4 18. Qg4 Qxg4 19. Nxg4 Rc7 20. f4 Rac8 21. Ne5
Ne7 22. Rxc7 Rxc7 23. Bd3 a6 24. Ne2 Nf5 25. Bf2 Bb5 26. Bxb5 axb5 27. Rc1
Rxc1+ 28. Nxc1 g5 29. g4 Ne7 30. fxg5 hxg5 31. Ncd3 Kg7 32. Be3 Kf6 33. Kg2 Nc6
34. Bxg5+ Kxg5 35. Nf7+ Kf6 36. Nxd6 Nxd4 37. Nxb7 e5 38. Nb4 Ke6 39. Nc5+ Kd6
40. Ncd3 Ng6 41. Kg3 Ne2+ 42. Kf2 Nd4 43. Ke3 Ne6 44. b3 Ng5 45. a4 d4+ 46. Kd2
bxa4 47. bxa4 e4 48. h4 Nf3+ 49. Ke2 Ng1+ 50. Kf2 Nf3 51. h5 Nf8 52. a5 Ne6 53.
a6 Kc7 54. h6 Nfg5 55. Ne5 Kb6 56. Nc4+ Ka7 57. Ne5 d3 58. Nec6+ Kb6 59. a7 Kb7
60. Ke3 Nc7 61. h7 Nxh7 62. Ne7 Kxa7 63. Nf5 Ng5 64. Nxd3 Nd5+ 65. Kd4 exd3 66.
Kxd3 1/2-1/2